Amélie fait tout le contraire de Sébastien (Record no. 132)

MARC details
000 -LEADER
Leader 00387nam a2200157 4500
003 - IDENTIFIANT DE NUMÉRO DE CONTRÔLE
champ de contrôle OSt
005 - DATE ET HEURE DE LA DERNIÈRE TRANSACTION
champ de contrôle 20241019175745.0
007 - CHAMP FIXE DE DESCRIPTION PHYSIQUE -- INFORMATIONS GENERALES
Leader ta
008 - Éléments de longueur fixe - Renseignements généraux
Leader 241019b |||a|||| |||| 00| 1 fre d
020 ## - NUMERO INTERNATIONAL DU LIVRE (ISBN)
ISBN, numéro international normalisé du livre 9782227720107
040 ## - SOURCE DE CATALOGAGE
Agence transcriptrice autismepaimpol.fr
100 ## - Vedette principale - Nom de personne
Forme complète du nom Anett HARDY (Auteur)
245 ## - TITLE STATEMENT
Titre Amélie fait tout le contraire de Sébastien
260 ## - Publication, diffusion, etc. (marque d'éditeur)
Nom de l'éditeur, du diffuseur, etc. Bayard
Date de publication, de diffusion, etc. 1 Mar. 1991
942 ## - ADDED ENTRY ELEMENTS (KOHA)
Type de document Koha Livre jeunesse
999 ## -
-- 132
-- 132
Holdings
Statut retiré des collections Statut perdu Source de classification / plan de classement Statut endommagé Exclu du prêt Site de rattachement Site actuel Date d'acquisition Total des prêts Code à barres Vu en dernier Prix effectif de Type de document Koha
    Classification décimale de Dewey     Autisme Paimpol - Matériel Autisme Paimpol - Matériel 19/10/2024   67 19/10/2024 19/10/2024 Livre jeunesse

Powered by Koha